000 00929nam a2200229Ia 4500
999 _c40206
_d40206
001 6813
003 GE_BSU
005 20200121161603.0
008 181216s1986||||ge |||||||||||||| ||geo||
040 _cGE_BSU
041 _ageo
080 _a821.353.1-31 გ-61
100 _aგოგოლაძე, თენგიზ.
_96277
245 _aკაცი კაცითა :
_bრომანი /
_cთენგიზ გოგოლაძე ; რედ. რ. სირაძე ; მხატვ. ლ. ღვინჯილია.
264 _aთბილისი :
_bსაბჭ.საქართველო,
_c1986.
300 _a621 გვ. ;
_c23 სმ.
653 _aკაცი კაცითა
653 _aრომანი
700 _aსირაძე, რ.
_eრედაქტორი
_94734
700 _aღვინჯილია, ლ.
_eმხატვარი
_96278
942 _cBK
_2udc